乃木坂46メンバーのサイリウムカラー(3〜6期) - Statistics

General Stats
  • This quiz has been taken 56 times
  • The average score is 23 of 50
Answer Stats
サイリウムカラー メンバー % Correct
小川彩
79%
オレンジ 賀喜遥香
72%
ピンク 遠藤さくら
69%
井上和
69%
筒井あやめ
62%
オレンジ ピンク 6期 長嶋凛桜
55%
黄色 3期 山下美月
55%
黄色 黄色 3期 向井葉月
55%
ピンク 5期 川﨑桜
55%
ピンク 黄緑 奥田いろは
55%
黄色 6期 瀬戸口心月
52%
ターコイズ 五百城茉央
52%
ピンク 水色 菅原咲月
52%
佐藤楓
52%
池田瑛紗
48%
ターコイズ 松尾美佑
48%
オレンジ オレンジ 清宮レイ
48%
水色 梅澤美波
48%
黄色 水色 久保史緒里
48%
与田祐希
48%
ピンク 岩本蓮加
48%
水色 ターコイズ 中西アルノ
48%
ターコイズ ターコイズ 冨里奈央
48%
オレンジ ピンク 4期 掛橋沙耶香
45%
岡本姫奈
45%
海邉朱莉
45%
黄色 黄色 6期 森平麗心
45%
ピンク 3期 大園桃子
45%
ピンク ピンク 林瑠奈
45%
ピンク ターコイズ 佐藤璃果
45%
水色 鈴木佑捺
41%
4期 早川聖来
41%
ピンク 吉田綾乃クリスティー
41%
伊藤理々杏
41%
黄緑 弓木奈於
41%
水色 水色 一ノ瀬美空
41%
黄色 大越ひなの
38%
6期 増田三莉音
38%
黄色 ピンク 矢久保美緒
38%
黒見明香
38%
中村麗乃
34%
矢田萌華
34%
ピンク 愛宕心響
34%
黄緑 柴田柚菜
34%
黄色 阪口珠美
34%
水色 田村真佑
34%
水色 金川紗耶
34%
ターコイズ 小津玲奈
31%
オレンジ 水色 北川悠理
28%
水色 川端晃菜
28%
No matching quizzes found
Score Distribution
Percent of People with Each Score
Percentile by Number Answered
Your Score History
You have not taken this quiz